000 005410000a22001810004500
003 MACL
005 20160407154932.0
008 160407b xxu||||| |||| 00| 0 eng d
040 _aMACL
_cMACL
041 _aHindi
082 _a530
100 _aरजत चंदा
_951063
245 _aक्‍वांटम जगत का रहस्‍य
260 _bनेशनल बुक ट्रस्‍ट इंडिया
_c2005
_aदिल्‍ली
350 _a45
650 _aPhysics
_951064
942 _cHIN
_k530
_2ddc
999 _c17963
_d17963